Le Otto Giornate Di Maggio Dietro Le Barricate

Gespeichert in:
Bibliographische Detailangaben
1. Verfasser: P.O Lissagaray
Format: Buch
Sprache:Nichtbestimmte Sprache
Veröffentlicht: Lka Comune Di Pariggi
Tags: Tag hinzufügen
Keine Tags, Fügen Sie das erste Tag hinzu!

MARC

LEADER 00000nam a2200000Ia 4500
001 R-1142
003 CODICE-MESSINA
005 20260212102502.0
008 260211s9999 xx 000 0 und d
040 |c importazione_messina 
100 |a P.O Lissagaray 
245 0 |a Le Otto Giornate Di Maggio Dietro Le Barricate 
260 |b Lka Comune Di Pariggi 
942 |2 ddc  |c BK 
952 |0 0  |1 0  |2 ddc  |4 0  |7 0  |9 31974  |a ME  |b ME  |d 2026-02-11  |l 0  |o  -   |p R-1142  |r 2026-02-11 23:52:53  |w 2026-02-11  |x [REVISIONARE]  |y BK 
999 |c 27639  |d 27639